Word Puzzles - Book Titles #1 - Statistics

General Stats
  • This quiz has been taken 27,602 times
  • The average score is 29 of 45
Answer Stats
Clue Answer % Correct
What Santa says Ho
97%
Not yes No
97%
Coffee alternative Tea
95%
Touch, taste, sight, etc... Sense
92%
Opens a lock Key
90%
Huckleberry's surname Finn
88%
Short for Cassandra Cassie
86%
Barbie's mate Ken
86%
Firearms Guns
82%
Noise made by a horse Neigh
79%
Mafia leader Don
78%
Able to Can
75%
Common breakfast food Egg
73%
Singer Orbison Roy
73%
Paul Simon: You can call me __ Al
72%
Certain conjunction And
71%
Pennies Cents
70%
Young goat Kid
70%
Stage production Play
69%
Canis lupus Wolf
68%
(Book title) Don Quixote
66%
XY genetically Male
65%
Domain name ender Com
64%
Aptitude; skillfullness Ability
63%
(Book title) Casino Royale
63%
(Book title) Sense and Sensibility
63%
Author Fleming Ian
62%
Waves caused by a boat Wake
58%
Contract showing property ownership Deed
56%
Gulf Bay
55%
Midday repast Lunch
51%
(Book title) Finnegans Wake
50%
Beer mug Stein
50%
Charlemagne or one of his subjects Frank
47%
(Book title) Frankenstein
46%
Animal that is more equal than others Pig
46%
(Book title) Naked Lunch
45%
Din Noise
44%
Harbor Port
44%
Contraction considered improper Ain't
41%
To be in arrears Owe
41%
(Book title) Beowulf
39%
(Book title) Pygmalion
37%
(Book title) Candide
33%
(Book title) Portnoy's Complaint
17%
No matching quizzes found
Score Distribution
Percent of People with Each Score
Percentile by Number Answered
Your Score History
You have not taken this quiz